00475 a2200169 4500003000500000005001700005040000900022082001300031100001700044245003100061260003300092300001400125538003000139942001200169999001900181952010500200Nust20170207154118.0 cNust a891.4391 aSaeed Rashid aAdami main Insan Ki Talash aIslamabadbIslah Fikarc1996 a310 pages aAlmirah No.67, Shelf No.2 2ddccBK c194203d194203 00102ddc40708NFICaMCSbMCSd2016-12-12l0o891.4391 SAEpMCS28364r2016-12-08w2016-12-12yBK